| 000 | 00684nam a2200217 a 4500 | ||
|---|---|---|---|
| 001 | 77525 | ||
| 003 | BD-RjUL | ||
| 005 | 20211209083000.0 | ||
| 008 | 201020s1966 enk 000 0 eng d | ||
| 035 | _a(BD-RjUL)77750 | ||
| 040 |
_aBD-RjUL _beng _cBD-RjUL |
||
| 041 | _aeng | ||
| 082 |
_223 _a822.33 _bKNS 1966 |
||
| 100 | 1 |
_aKnights, L. C. _q(Lionel Charles), _d1906-1997. _954758 |
|
| 245 | 1 | 0 |
_aSome Shakespearean themes / _cby L.C. Knights |
| 260 |
_aLondon : _bChatto & Windus, _c1966. |
||
| 300 |
_a183 p. ; _c22 cm |
||
| 600 | 1 | 0 |
_aShakespeare, William, _d1564-1616 _xCriticism and interpretation. _9241890 |
| 600 | 1 | 0 |
_aShakespeare, William, _d1564-1616. _9241891 |
| 942 |
_2ddc _cBK |
||
| 999 |
_c77525 _d77525 |
||